| 000 | 00592nam a2200193Ia 4500 | ||
|---|---|---|---|
| 003 | LDD | ||
| 008 | 181029s9999 xx 000 0 und d | ||
| 020 |
_a041536132X _cP 23.99 |
||
| 040 | _cLDD | ||
| 100 | _aGossling, Stefan | ||
| 245 | 0 |
_aTourism and global environment change _becological, social, economic and politic _cStefan Gossling |
|
| 260 |
_aNew York _bRoutledge _c2006 |
||
| 300 | _aviii, 316p | ||
| 365 | _bP 23.99 | ||
| 901 |
_a3505 _b20-11-2006 |
||
| 902 |
_a11546 _b14-02-2007 _cF _dGBH _e95 |
||
| 903 |
_aDiscount-10 _bReqst by : Kumar, Kapil (Dr.) |
||
| 942 |
_2ddc _cBK |
||
| 999 |
_c77848 _d77848 |
||